| 000 | 00731nam a22002297a 4500 | ||
|---|---|---|---|
| 005 | 20170124105929.0 | ||
| 010 | _aB-226192 | ||
| 020 |
_c00.00 _a8189901168 |
||
| 035 | _aB-226192 | ||
| 037 | _bCen Lib/Ret | ||
| 040 |
_aDPL _bEN |
||
| 082 | _a372.6 | ||
| 100 |
_aMukherjee,Shankar _97829 |
||
| 245 |
_aCommunicative perspectives on teaching of english / _cby Shankar Mukherjee |
||
| 260 |
_a Delhi _bAcademic excellence _c2007 |
||
| 270 |
_a 12-Ekta apartments Geeta colony _b Delhi _e110031 |
||
| 300 |
_axi,179p. _c21cm(Hb) |
||
| 500 | _aIncludes bibliographical reference | ||
| 650 |
_aEnglish - teaching _97830 |
||
| 650 |
_aEnglish-communicative perspectives _97831 |
||
| 942 |
_2ddc _cEN _h372.6 _mMUK |
||
| 999 |
_c123724 _d123724 |
||